Представление документа в формате RUSMARC

ПолеНазваниеЗначение
  Тип записи c
  Библиографический уровень m
001 Контрольный номер UONB/MAIN/672331393f0a4551bef77339d3c9153f
005 Дата корректировки 20251126110818.4
010 Индекс ISBN __
9 Тираж 50000 экз.
013 Номер (ISMN) __
d Цена 6 р. 60 к.
071 Издательские номер (звукозапись и ноты) 21
a Номер, присвоенный агентством 8374
100 Данные общей обработки __
a Данные общей обработки 20250930g1992 u y0rusy0189 ca
101 Язык документа 0_
a Язык текста rus
102 Страна публикации __
a Страна публикации RU
125 Кодированные данные звукозаписи и нотных изданий __
a Форма изложения нотного текста с
128 Кодированные данные (звукозаписи-физические характеристики) __
a Кодированные данные: Музыкальная форма и тональность или лад sg
c Инструменты или голоса, рекомендуемые для солистов (устаревшее) ka
200 Заглавие и сведения об ответственности 1_
a Заглавие Вып. 2
203 Вид содержания и тип средства __
a Вид содержания Музыка
b Характеристика содержания знаковая
c Тип средства непосредственная
210 Выходные данные 1_
d Дата издания 1992
215 Физическое описание __
a Объем 48 с.
327 Примечание о содержании 11
a Примечание о содержании Содерж.: Спадавеккиа А. Добрый жук : песенка-танец из кинофильма "Золушка" / сл. Е. Шварца. - Шаинский В. Песенка крокодила Гены : из мультфильма "Чебурашка" / сл. А. Тимофеевского ; Песенка про кузнечика : из мультфильма "Приключения Незнайки" / сл. Н. Носова ; В Подмосковье ловятся лещи : песня на мультфильма "Старуха Шапокляк" / сл. Э. Успенского. - Крылатов Е. Не волнуйтесь понапрасну : песня из мультфильма "Бюро находок" / сл. М. Пляцковского. - Ботяров Е. Ведет дорога : песня из мультфильма "Вагончик" / сл. Е. Ботярова. - Зив М. О Робен Гуде : песня из мультфильма "Отважный Робин Гуд" / сл. Е. Аграновича. - Вайнберг М. Песенка Винни-Пуха : из мультфильма "Винни-Пух" / сл. Б. Заходера. - Хромушин О. Песенка Девочки : из мультфильма "Девочка и Лев" / сл. Я. Акима. - Гладков Г. Край, в котором ты живешь : песня из мультфильма "Край, в котором ты живешь" / сл. Ю. Энтина. - Антонов Ю. Песенка кока : из музыкальной сказки "Приключения кузнечика Кузи" / сл. М. Пляцковского. - Тамарин И. Песенка лошадки : из мультфильма "Легкий хлеб" / сл. В. Берестова. - Богословский Н. Песенка четырех друзей : из мультфильма "Корабли" / сл. М. Вольпина. - Савельев Б. Песенка о дружбе : из мультфильма "Леопольд и золотая рыбка" / сл. А. Хайта. - Казенин В. Считалочка : из мультфильма "Раздобыл Заяц магнитофон" / сл. Ф. Лаубе. - Гладков Г. Песенка Зайца и Волка на карнавале : из мультфильма "Ну, погоди!" / сл. Ю. Энтина. - Казенин В. Песенка о счастье : из мультфильма "Буренушка" / сл. Г. Дробиза. - Гладков Г. Песенка друзей : из мультфильма "Бременские музыканты" / сл. Ю. Энтина. - Савельев Б. Настоящий друг : песня из мультфильма "Тимка и Димка" / сл. М. Пляцковского. - Минков М. Гимн Незнайки и Ко : из телефильма "Незнайка с нашего двора" / сл. Ю. Энтина. - Крылатов Е. Крылатые качели : песня из телефильма "Приключения Электроника" / сл. Ю. Энтина. - Саульский Ю. Самый первый чемпион : песня из радиоспектакля "Кто получит приз?" / сл. М. Танича. - Чайковский Б. Песенка о мечте : из мультфильма "Лоскутик и Облако" / сл. Д. Самойлова. - Моцарт В. Колыбельная / рус. текст С. Свириденко.
461 Уровень набора _0
1 2001
a Улыбка
e популярные песни из детских мультфильмов и телефильмов
e переложение для фортепиано
f составитель Н. Матвеева
g переложения и обработки Ю. Комалькова
v Вып. 2
1 2101
a Москва
c Советский композитор
d 1989 -
1 001RU/УОНБ/EK_N/322861838
1 215
d 29 см
1 2251
a Музыка отдыха
464 Аналитический уровень _0
1 036
t Встаньте, дети, встаньте в круг...
1 700 1
a Спадавеккиа
b А.
1 702 1
a Шварц
b Е.
4 520
1 2001
a Добрый жук
e песенка-танец из кинофильма "Золушка"
1 50010
a Золушка
464 Аналитический уровень _0
1 036
t Пусть бегут неуклюже...
1 700 1
a Шаинский
b В.
1 702 1
a Тимофеевский
b А.
4 520
1 2001
a Песенка крокодила Гены
e из мультфильма "Чебурашка"
1 50010
a Чебурашка
464 Аналитический уровень _0
1 036
t Не волнуйтесь понапрасну ни за что и никогда...
1 700 1
a Крылатов
b Е.
1 702 1
a Пляцковский
b М.
4 520
1 2001
a Не волнуйтесь понапрасну
e песня из мультфильма "Бюро находок"
1 50010
a Бюро находок
464 Аналитический уровень _0
1 036
t В траве сидел кузнечик...
1 700 1
a Шаинский
b В.
1 702 1
a Носов
b Н.
4 520
1 2001
a Песенка про кузнечика
e из мультфильма "Приключения Незнайки"
1 50010
a Приключения Незнайки
464 Аналитический уровень _0
1 036
t Солнце светит ярким светом...
1 700 1
a Шаинский
b В.
1 702 1
a Успенский
b Э.
4 520
1 2001
a В Подмосковье ловятся лещи
e песня на мультфильма "Старуха Шапокляк"
1 50010
a Старуха Шапокляк
464 Аналитический уровень _0
1 036
t Издалека ведет дорога упрямо вперед...
1 700 1
a Ботяров
b Е.
1 702 1
a Ботяров
b Е.
4 520
1 2001
a Ведет дорога
e песня из мультфильма "Вагончик"
1 50010
a Вагончик
464 Аналитический уровень _0
1 036
t Свершили в чаще колдуны...
1 700 1
a Зив
b М.
1 702 1
a Агранович
b Е.
4 520
1 2001
a О Робен Гуде
e песня из мультфильма "Отважный Робин Гуд"
1 50010
a Отважный Робин Гуд
464 Аналитический уровень _0
1 036
t Если я чешу в затылке, - не беда!..
1 700 1
a Вайнберг
b М.
1 702 1
a Заходер
b Б.
4 520
1 2001
a Песенка Винни-Пуха
e из мультфильма "Винни-Пух"
1 50010
a Винни-Пух
464 Аналитический уровень _0
1 036
t Лев, Лев, Лёвушка, жёлтая головушка...
1 700 1
a Хромушин
b О.
1 702 1
a Аким
b Я.
4 520
1 2001
a Песенка Девочки
e из мультфильма "Девочка и Лев"
1 50010
a Девочка и Лев
464 Аналитический уровень _0
1 036
t Мы играем возле дома...
1 700 1
a Гладков
b Г.
1 702 1
a Энтин
b Ю.
4 520
1 2001
a Край, в котором ты живешь
e песня из мультфильма "Край, в котором ты живешь"
1 50010
a Край, в котором ты живешь
464 Аналитический уровень _0
1 036
t Я сам себя хвалить ни капельки не стану...
1 700 1
a Антонов
b Ю.
1 702 1
a Пляцковский
b М.
4 520
1 2001
a Песенка кока
e из музыкальной сказки "Приключения кузнечика Кузи"
1 50010
a Приключения кузнечика Кузи
464 Аналитический уровень _0
1 036
t Что везешь, лошадка, на возу?..
1 700 1
a Тамарин
b И.
1 702 1
a Берестов
b В.
4 520
1 2001
a Песенка лошадки
e из мультфильма "Легкий хлеб"
1 50010
a Легкий хлеб
464 Аналитический уровень _0
1 036
t Мы веселые друзья...
1 700 1
a Богословский
b Н.
1 702 1
a Вольпин
b М.
4 520
1 2001
a Песенка четырех друзей
e из мультфильма "Корабли"
1 50010
a Корабли
464 Аналитический уровень _0
1 036
t Позабудем все, что было...
1 700 1
a Савельев
b Б.
1 702 1
a Хайт
b А.
4 520
1 2001
a Песенка о дружбе
e из мультфильма "Леопольд и золотая рыбка"
1 50010
a Леопольд и золотая рыбка
464 Аналитический уровень _0
1 036
t Эники-беники ели вареники...
1 700 1
a Казенин
b В.
1 702 1
a Лаубе
b Ф.
4 520
1 2001
a Считалочка
e из мультфильма "Раздобыл Заяц магнитофон"
1 50010
a Раздобыл Заяц магнитофон
464 Аналитический уровень _0
1 036
t Расскажи, Снегурочка, где была?..
1 700 1
a Гладков
b Г.
1 702 1
a Энтин
b Ю.
4 520
1 2001
a Песенка Зайца и Волка на карнавале
e из мультфильма "Ну, погоди!"
1 50010
a Ну, погоди!
464 Аналитический уровень _0
1 036
t Счастье, счастье, - что за птица?..
1 700 1
a Казенин
b В.
1 702 1
a Дробиз
b Г.
4 520
1 2001
a Песенка о счастье
e из мультфильма "Буренушка"
1 50010
a Буренушка
464 Аналитический уровень _0
1 036
t Ничего на свете лучше нету...
1 700 1
a Гладков
b Г.
1 702 1
a Энтин
b Ю.
4 520
1 2001
a Песенка друзей
e из мультфильма "Бременские музыканты"
1 50010
a Бременские музыканты
464 Аналитический уровень _0
1 036
t Дружба крепкая не сломается...
1 700 1
a Савельев
b Б.
1 702 1
a Пляцковский
b М.
4 520
1 2001
a Настоящий друг
e песня из мультфильма "Тимка и Димка"
1 50010
a Тимка и Димка
464 Аналитический уровень _0
1 036
t Это всем давным-давно...
1 700 1
a Минков
b М.
1 702 1
a Энтин
b Ю.
4 520
1 2001
a Гимн Незнайки и Ко
e из телефильма "Незнайка с нашего двора"
1 50010
a Незнайка с нашего двора
464 Аналитический уровень _0
1 036
t В юном месяце апреле...
1 700 1
a Крылатов
b Е.
1 702 1
a Энтин
b Ю.
4 520
1 2001
a Крылатые качели
e песня из телефильма "Приключения Электроника"
1 50010
a Приключения Электроника
464 Аналитический уровень _0
1 036
t Сто картинок состязались...
1 700 1
a Саульский
b Ю.
1 702 1
a Танич
b М.
4 520
1 2001
a Самый первый чемпион
e песня из радиоспектакля "Кто получит приз?"
1 50010
a Кто получит приз?
464 Аналитический уровень _0
1 036
t Мы мечтаем, чтоб в пустыне...
1 700 1
a Чайковский
b Б.
1 702 1
a Самойлов
b Д.
4 520
1 2001
a Песенка о мечте
e из мультфильма "Лоскутик и Облако"
1 50010
a Лоскутик и Облако
464 Аналитический уровень _0
1 036
t Спи, моя радость, усни!..
1 700 1
a Моцарт
b В.
1 702 1
a Свириденко
b С.
4 520
1 2001
a Колыбельная
606 Тематические рубрики 0_
a Основная рубрика Фортепианная музыка
x Основная подрубрика Песни детские
x Основная подрубрика Песни из мультфильмов
x Основная подрубрика Песни из детских телефильмов
x Основная подрубрика Переложения
610 Ключевые слова 0_
a Ключевые слова фортепиано; детские песни; песни из детских телефильмов; песни из мультфильмов; переложения
686 Индексы других классификаций __
2 Код системы rubbk
a Классификационный индекс 85.954.2-094я43
801 Источник записи _0
a Страна RU
b Организация Ульяновская ОНБ
c Дата составления 20250930
g Правила каталогизации RCR
801 Источник записи _1
a Страна RU
b Организация Ульяновская ОНБ
c Дата составления 20250930
g Правила каталогизации RCR
901 Тип документа __
t Тип документа n
w Контрольный № источника RU/УОНБ/EK_N/322861838
909 Создатель записи __
a Создатель записи Грязнова И. Е.
b Дата создания записи 20250930